000 01546nam a2200469 i 4500
001 4324
003 KOSZ 005
005 20221027101919.0
008 970612s1990 pl a |000 0 pol
015 _aUWD 1991/696
035 _a991001653979705066
035 _a(PL-WaBN)b10468663-48omnis_nlop
035 _ab10468663
035 _a(OCoLC)749831656
035 _a(PL)b0000001046866
035 _a(EXLNZ-48OMNIS_NETWORK)9910477988805606
040 _aWA N
_cWA N
_dKOSZ 005/HR
046 _k1990
080 _a621.3.049.77
080 _a004.3
080 _a(075.8)
100 1 _aPatyra, Marek J.
_eAutor
245 1 0 _aProjektowanie układów scalonych MOS LSI /
_cMarek Patyra, Marek Syrzycki.
260 _aWarszawa :
_bWydawnictwa Politechniki Warszawskiej,
_c1990.
300 _a263 s. :
_brys., wykr. ;
_c24 cm.
336 _aTekst
_btxt
_2rdacontent
337 _aBez urządzenia pośredniczącego
_bn
_2rdamedia
338 _aWolumin
_bnc
_2rdacarrier
380 _aKsiążki
388 _a1901-2000
388 _a1989-2000
504 _aBibliogr. przy rozdz.
650 7 _aUkład scalony
_2DBN
650 7 _aProjektowanie
655 7 _aPodręczniki akademickie
_2DBN
658 _aInżynieria i technika
700 1 _aSyrzycki, Marek
_eAutor
710 2 _aOficyna Wydawnicza Politechniki Warszawskiej
_4pbl
856 _uhttp://koha.tu.koszalin.pl/cgi-bin/koha/opac-detail.pl?biblionumber=4324
_yKatalog online BPK
942 _2UKD
_cKS
999 _c4324
_d4324